| 000 | 00635nam a22002055i 4500 | ||
|---|---|---|---|
| 001 | 11903 | ||
| 003 | ES-MaACL | ||
| 005 | 20250828092113.0 | ||
| 007 | t| | ||
| 008 | 931210s1993 sp ||||0| spa j | ||
| 040 |
_aM-BN _bspa _cM-BN |
||
| 080 | _a860-32"19" | ||
| 100 | 1 |
_aCotarelo, Ramón, _d1943- _941166 |
|
| 245 | 1 | 0 |
_aCambio de rumbo _b: relatos / _cRamón Cotarelo. |
| 260 |
_aMelilla : _bUNED, _c[1993] |
||
| 300 |
_a350 p ; _c22 cm. |
||
| 710 | 2 |
_aUniversidad Nacional de Educación a Distancia (España). _bCentro Asociado de Melilla _97407 |
|
| 852 |
_aES-MaACL _jL-19162 _bR.122438 |
||
| 999 |
_c11903 _d11903 |
||